FIFA U-17 Women's World Cup Host Countries - Statistics

General Stats
  • This quiz has been taken 7 times
  • The average score is 5 of 7
Answer Stats
Year Country % Correct
2008 New Zealand
100%
2020 India
86%
2018 Uruguay
71%
2014 Costa Rica
57%
2016 Jordan
57%
2012 Azerbaijan
43%
2010 Trinidad and Tobago
43%
No matching quizzes found
Score Distribution
Percent of People with Each Score
Percentile by Number Answered
Your Score History
You have not taken this quiz